[Event "GER-ch U12"]
[Site "Willingen"]
[Date "2023.05.31"]
[Round "6"]
[White "Schroeder, Hannes Artur"]
[Black "Lanert, Theodor"]
[Result "0-1"]
[WhiteElo "1343"]
[BlackElo "1398"]
[PlyCount "99"]
[EventDate "2023.05.27"]
[EventType "swiss"]
[EventRounds "9"]
[EventCountry "GER"]
[SourceTitle "CBM 214 Extra"]
[Source "ChessBase"]
[SourceDate "2023.07.31"]
[SourceVersion "1"]
[SourceVersionDate "2023.07.31"]
[SourceQuality "1"]

1. e4 c5 2. Nf3 Nc6 3. d4 cxd4 4. Nxd4 Nf6 5. Nc3 e6 6. Bg5 Be7 7. Qd2 d5 8. exd5 Nxd5 9. Bxe7 Ncxe7 10. Bb5+ Bd7 11. Bxd7+ Qxd7 12. 0-0 0-0 13. Rfd1 Rfd8 14. Nxd5 Qxd5 15. Qe2 Qc5 16. Rd3 Rxd4 17. Rad1 Rad8 18. h3 Rxd3 19. Rxd3 Rxd3 20. Qxd3 Qd5 21. Qg3 Nc6 22. Qc7 Nd8 23. c4 Qd4 24. b4 Kf8 25. b5 Ke8 26. c5 Qd7 27. Qa5 a6 28. bxa6 bxa6 29. Qxa6 Qc6 30. Qd3 g6 31. Qd4 Ke7 32. Qh4+ Ke8 33. Qd4 h5 34. a4 Nb7 35. Qb4 Nxc5 36. Qb8+ Ke7 37. a5 Qa6 38. Qc7+ Nd7 39. Kh1 Qf1+ 40. Kh2 Qxf2 41. a6 Qb6 42. Qc8 Nc5 43. Kh1 Nxa6 44. Qa8 Qd6 45. Qb7+ Nc7 46. Qb3 Nd5 47. Qb7+ Qc7 48. Qb2 Qc3 49. Qb7+ Kf6 50. Qb5 0-1

[Event "GER-ch U10"]
[Site "Willingen"]
[Date "2022.06.06"]
[Round "3"]
[White "Junge, Mattheo Gabriel"]
[Black "Lanert, Theodor"]
[Result "1-0"]
[WhiteElo "1132"]
[BlackElo "1306"]
[PlyCount "109"]
[EventDate "2022.06.04"]
[EventType "swiss"]
[EventRounds "11"]
[EventCountry "GER"]
[SourceTitle "CBM 208 Extra"]
[Source "ChessBase"]
[SourceDate "2022.07.31"]
[SourceVersion "1"]
[SourceVersionDate "2022.07.31"]
[SourceQuality "1"]

1. e4 c6 2. Nf3 d5 3. exd5 cxd5 4. d4 Bg4 5. Be3 Nc6 6. Nbd2 Nf6 7. Bd3 a6 8. c3 e5 9. dxe5 Nxe5 10. Be2 Nxf3+ 11. Bxf3 Bxf3 12. Nxf3 Be7 13. 0-0 0-0 14. Qb3 Qc7 15. Bg5 Rad8 16. Bxf6 Bxf6 17. Rad1 Qc6 18. Nd4 Bxd4 19. Rxd4 Rd7 20. Rfd1 Rfd8 21. h3 h6 22. R1d3 Qc5 23. Qd1 b5 24. b3 Re8 25. Rxd5 Rxd5 26. Rxd5 Re1+ 27. Qxe1 Qxd5 28. f3 Kf8 29. Qc1 Qc5+ 30. Kh1 a5 31. Qd2 Ke7 32. Qe2+ Kd6 33. Qd3+ Ke6 34. Qe4+ Kd6 35. Qf4+ Ke7 36. Qd2 f6 37. Kh2 Qe5+ 38. Kg1 Qc5+ 39. Kf1 a4 40. bxa4 bxa4 41. Qb2 Kd6 42. Qb4 Qxb4 43. cxb4 a3 44. Ke2 Kc6 45. Kd3 Kb5 46. Kc3 f5 47. g4 f4 48. Kb3 g6 49. Kxa3 h5 50. Kb3 hxg4 51. hxg4 g5 52. a4+ Kb6 53. Kc4 Kc6 54. b5+ Kd6 55. a5 1-0

[Event "GER-ch U10"]
[Site "Willingen"]
[Date "2022.06.05"]
[Round "1"]
[White "Peglau, Paul David"]
[Black "Lanert, Theodor"]
[Result "1/2-1/2"]
[WhiteElo "1623"]
[BlackElo "1306"]
[PlyCount "152"]
[EventDate "2022.06.04"]
[EventType "swiss"]
[EventRounds "11"]
[EventCountry "GER"]
[SourceTitle "CBM 208 Extra"]
[Source "ChessBase"]
[SourceDate "2022.07.31"]
[SourceVersion "1"]
[SourceVersionDate "2022.07.31"]
[SourceQuality "1"]

1. d4 Nf6 2. c4 g6 3. f3 Bg7 4. e4 d6 5. Nc3 0-0 6. Be3 e5 7. Nge2 Nc6 8. Rc1 Ne8 9. dxe5 Nxe5 10. Nd4 f5 11. exf5 Bxf5 12. Nxf5 Rxf5 13. Be2 Kh8 14. 0-0 Qe7 15. Nd5 Qd8 16. Qb3 Rf7 17. Rfd1 b6 18. Nf4 Qe7 19. Nd5 Qd8 20. f4 Nd7 21. c5 Rf8 22. cxd6 cxd6 23. Bf3 Rc8 24. Rxc8 Qxc8 25. Rc1 Nc5 26. Ne7 Qd7 27. Bxc5 dxc5 28. Nd5 Bd4+ 29. Kh1 Nf6 30. Nxf6 Bxf6 31. Rd1 Qe7 32. Qc2 Re8 33. Qd2 Rd8 34. Qxd8+ Qxd8 35. Rxd8+ Bxd8 36. Kg1 Kg7 37. Kf2 Kf6 38. Ke3 h5 39. Ke4 Ke6 40. Be2 Bf6 41. b3 Bd4 42. Ba6 Bg1 43. h3 Bd4 44. g4 hxg4 45. hxg4 Kf6 46. g5+ Ke6 47. Bc8+ Kf7 48. f5 gxf5+ 49. Kxf5 b5 50. Ba6 b4 51. g6+ Kg7 52. Bd3 Bg1 53. Ke6 Bd4 54. Kd7 Kf6 55. Kc6 Kg7 56. Kb7 Kf6 57. Ka6 Kg7 58. Bc2 Kf6 59. Kxa7 Kg7 60. Ka6 Kf6 61. Kb5 Kg7 62. Ka4 Bb2 63. Kb5 Bd4 64. Kc4 Kf6 65. Be4 Kg7 66. Kd5 Kf6 67. Kd6 Kg7 68. Ke6 Bg1 69. Kd5 Kf6 70. Kc4 Bd4 71. Kd3 Kg7 72. Kc4 Kf6 73. Kb5 Kg7 74. Ka4 Bb2 75. Kb5 Bd4 76. Ka4 Bb2 1/2-1/2